| 000 | 00470nam a2200181Ia 4500 | ||
|---|---|---|---|
| 005 | 20230522140034.0 | ||
| 008 | 131103s9999 xx 000 0 und d | ||
| 040 | _aLoreto College | ||
| 041 | _aEnglish | ||
| 082 |
_a824.6 _bGOL |
||
| 100 | _aGoldsmith,Oliver | ||
| 245 | 4 |
_aThe works of Oliver Goldsmith _b a life and notes _cOliver Goldsmith |
|
| 260 |
_aLondon _bG.Bohn _c1702 |
||
| 300 | _av,346 p. | ||
| 504 | _aIncludes index | ||
| 850 | _aLCLIB | ||
| 942 | _cBK | ||
| 999 |
_c5429 _d55908 |
||